Высшая математика. Стандартные задачи с основами теории: учебное пособие

Détails bibliographiques
Autres auteurs: Вдовин А. Ю., Михалева Л. В., Мухина В. М., Орехова Н. К., Удинцева С. Н.
Résumé:Сборник содержит задачи, относящиеся к основным разделам высшей математики: элементы линейной алгебры, векторная алгебра, аналитическая геометрия на плоскости и в пространстве, предел и непрерывность, дифференциал, производная функции одной переменной и ее приложения, неопределенный и определенный интегралы, функции нескольких переменных, дифференциальные уравнения, ряды, двойной и криволинейные интегралы, комплексные числа и функции комплексного переменного, основы теории вероятностей. В каждом разделе приведены основные необходимые теоретические сведения. Сборник предназначается, в основном, для самостоятельной работы студентов, а также может быть использован для проведения практических занятий, для подготовки к зачетам и экзаменам как в классической форме, так и в форме тестирования. Для большинства задач приведены ответы.
Langue:russe
Publié: СПб., Лань, 2009
Collection:Учебники для вузов. Специальная литература
Sujets:
Format: Livre
KOHA link:https://koha.lib.tpu.ru/cgi-bin/koha/opac-detail.pl?biblionumber=163801

MARC

LEADER 00000nam0a2200000 4500
001 163801
005 20231101222426.0
010 |a 9785811408603 
035 |a (RuTPU)RU\TPU\book\177710 
090 |a 163801 
100 |a 20090821d2009 m y0rusy50 ca 
101 0 |a rus 
102 |a RU 
105 |a a j 000zy 
200 1 |a Высшая математика. Стандартные задачи с основами теории  |e учебное пособие  |f А. Ю. Вдовин [и др.] 
210 |a СПб.  |c Лань  |d 2009 
215 |a 186 с.  |c ил. 
225 1 |a Учебники для вузов. Специальная литература 
330 |a Сборник содержит задачи, относящиеся к основным разделам высшей математики: элементы линейной алгебры, векторная алгебра, аналитическая геометрия на плоскости и в пространстве, предел и непрерывность, дифференциал, производная функции одной переменной и ее приложения, неопределенный и определенный интегралы, функции нескольких переменных, дифференциальные уравнения, ряды, двойной и криволинейные интегралы, комплексные числа и функции комплексного переменного, основы теории вероятностей. В каждом разделе приведены основные необходимые теоретические сведения. Сборник предназначается, в основном, для самостоятельной работы студентов, а также может быть использован для проведения практических занятий, для подготовки к зачетам и экзаменам как в классической форме, так и в форме тестирования. Для большинства задач приведены ответы. 
606 1 |a Математика высшая  |2 stltpush  |3 (RuTPU)RU\TPU\subj\3986  |9 32308 
610 1 |a учебные пособия 
610 1 |a задачи 
610 1 |a линейная алгебра 
610 1 |a векторная алгебра 
610 1 |a аналитическая геометрия 
610 1 |a пределы 
610 1 |a непрерывность 
610 1 |a производные 
610 1 |a дифференциалы 
610 1 |a неопределенные интегралы 
610 1 |a определенные интегралы 
610 1 |a функции нескольких переменных 
610 1 |a дифференциальные уравнения 
610 1 |a ряды 
610 1 |a двойные интегралы 
610 1 |a криволинейные интегралы 
610 1 |a комплексные числа 
610 1 |a функции комплексного переменного 
610 1 |a теория вероятностей 
675 |a 51(076)  |v 3 
701 1 |a Вдовин  |b А. Ю. 
701 1 |a Михалева  |b Л. В. 
701 1 |a Мухина  |b В. М. 
701 1 |a Орехова  |b Н. К. 
701 1 |a Удинцева  |b С. Н. 
801 1 |a RU  |b 63413507  |c 20090821 
801 2 |a RU  |b 63413507  |c 20150430  |g RCR 
942 |c BK